000 00647cam a2200217 a 4500
001 14124224
005 20240129061223.0
008 050929s2004 ce b 100 0 eng
020 _a9555800928
040 _aDLC
_cDLC
082 _222
_a305.8.
245 1 0 _aProtection of minority rights and diversity /
_cedited by Nanda P. Wanasundera.
260 _aColombo :
_bInternational Centre for Ethnic Studies,
_c2004.
300 _axviii, 421 p. ;
650 0 _aMinorities
650 0 _aEthnic groups
650 0 _aRepresentative government and representation
650 0 _aMulticulturalism
700 1 _aWanasundera, Nanda P.
_eedt
942 _cL
999 _c212
_d212